Sodomie in corpo 11 Non viaggio, non sesso e scrittura

Uloženo v:
Podrobná bibliografie
Hlavní autor: Busi, Aldo
Médium: Kniha
Jazyk:angličtina
Vydáno: Milano Arnoldo Mondadori 2000
Tagy: Přidat tag
Žádné tagy, Buďte první, kdo vytvoří štítek k tomuto záznamu!

MARC

LEADER 00000nam a2200000 4500
005 20241016175254.0
008 241016b |||||||| |||| 00| 0 eng d
020 |a 8804384468 
040 |c GP 
100 |a Busi, Aldo 
245 |a Sodomie in corpo 11  |b Non viaggio, non sesso e scrittura 
260 |a Milano  |b Arnoldo Mondadori  |c 2000 
942 |2 ddc  |c BK  |n 0 
952 |0 0  |1 0  |2 ddc  |4 0  |6 853_914000000000000_BUS  |7 1  |9 2135  |a RM  |b RM  |d 2024-10-16  |l 0  |o 853.914 BUS  |p 301  |r 2024-10-16 17:53:14  |w 2024-10-16  |y BK 
999 |c 1877  |d 1877